LEADER 00931nam0-22003131i-450 001 990001785440403321 005 20190419133131.0 035 $a000178544 035 $aFED01000178544 035 $a(Aleph)000178544FED01 035 $a000178544 100 $a20021010d1994----km-y0itay50------ba 101 0 $aita 200 1 $aSpandiconcime$ecaratteristiche tecniche e modalita d' impiego delle macchine per la distribuzione dei concimiminerali$fPaolo Balsari, Gianfranco Airoldi 210 $aMelegnano$cKuhn$d1994 215 $aVIII, 82 p.$d30 cm 610 0 $aMacchine agricole 610 0 $aSpandiconcimi 676 $a631.3 700 1$aBalsari,$bPaolo$073366 702 1$aAiroldi,$bGianfranco 801 0$aIT$bUNINA$gRICA$2UNIMARC 901 $aBK 912 $a990001785440403321 952 $a60 631.3 BALP 1994$b4913$fFAGBC 959 $aFAGBC 996 $aSpandiconcime$9408226 997 $aUNINA DB $aING01 LEADER 01203nam a22002651 4500 001 991001847949707536 008 2006c5d200620gw a | |1|||ger|d 020 $a3515087508 035 $ab13436946-39ule_inst 110 2 $aStuttgarter Kolloquium zur Historischen Geographie des Altertums (8. ; 2002)$0624257 245 10$a"Troianer sind wir gewesen" :$bmigrationen in der antiken Welt /$cEckart Olshausen, Holger Sonnabend (Hg.) 260 $aStuttgart :$bF. Steiner,$c2006 300 $a431 p. :$bill. ;$c25 cm. 440 0$aGeographica historica ;$v21 504 $aContiene bibliografia 650 4$aMigrazioni$xAntichità$vCongresso 651 4$aGrecia antica$xMigrazioni$vCongresso 700 1 $aOlshausen, Eckart$eauthor$4http://id.loc.gov/vocabulary/relators/aut$0292290 700 1 $aSonnabend, Holger$eauthor$4http://id.loc.gov/vocabulary/relators/aut$0259280 907 $a.b13436946$b02-04-14$c11-09-06 912 $a991001847949707536 945 $aLE001 AN XXII 1/21$g1$i2001000158645$lle001$op$pE133.00$q-$rl$s- $t0$u0$v0$w0$x0$y.i14289234$z11-09-06 996 $a"Troianer sind wir gewesen"$91462407 997 $aUNISALENTO 998 $ale001$b11-09-06$cm$da $e-$fita$git $h0$i0